000 00713nam a2200241Ii 4500
003 JO-AjNU
005 20240708113317.0
008 230605s9999||||xx |||||||||||||| ||und||
017 _a2008/8/2725
040 _aJO-AjNU
_bara
_erda
_cJO-AjNU
041 _aara
050 1 4 _aK3175.A92.2009
100 3 _a العزام، سهيل محمد ,
_eauthor
_950451
245 0 0 _aرقابة دستورية التشريعات
250 _aط1
264 3 1 _aاربد : سهيل محمد العزام ، 2008
300 _a73ص
336 _atext
_btxt
_2rdacontent
337 _aunmediated
_bn
_2rdamedia
338 _avolume
_bnc
_2rdacarrier
650 4 _aالقانون الدستوري 
_950452
942 _2lcc
_cBK
999 _c25793
_d25793